000 01110nam a22003377a 4500
001 BR0205739
003 BR-BrBNA
005 20230928101214.0
007 ta
008 230509b bl.||||| |||| 00| 0 por d
040 _aBR-BrBNA
_bpor
_cBiblioteca Nacional de Agricultura
041 _a(Por)
072 _aE11; E50
090 _ E11 BR0205739
100 1 _aVelasquez, C.S.C.
110 1 _aEscola Superior de Agricultura Luiz de Queiroz, Piracicaba, SP (Brasil)
_0Tese (Mestre em Ciências)
245 1 _a"Da formação de grupos à ação coletiva: análise com grupos de jovens do assentamento rural da fazenda Ipanema - Iperó-SP"
260 3 _aPiracicaba, SP (Brasil):
_c2002.
300 _a153 p.
500 _aSummaries (Eng, Por); Bibliography p. 145-153
650 _aREFORMA AGRÁRIA
650 _aEDUCAÇÃO AMBIENTAL
650 _aJUVENTUDE RURAL
650 _aASSENTAMENTO
650 _aDESENVOLVIMENTO SÓCIO-ECONÔMICO
650 _aGRUPO SOCIAL
650 _aDESENVOLVIMENTO SUSTENTÁVEL
650 _aSÃO PAULO
909 _a202309
_bLucia
_c55
_dLucia Elande
942 _cBK
999 _c64711
_d64711